000
00333nam a2200133Ia 4500
008
151213s9999 xx 000 0 und d
100
_a
Banerjis Tilak
245
_a
Guide To Mill's On Liberty .
_c
Banerjis Tilak
300
_a
8491 p.
650
_a
English
650
_a
English Literature
700
_a
Banerjis Tilak
999
_c
4328
_d
4328